000 00415pam a2200169a 44500
008 230405s2011 xxu||||| |||| 00| 0 eng d
020 _a8123914164
_cRs.175
082 _a610.73
_bAGA
100 _aAgarwal, K.N.
245 _aGrowth Infancy to Adolescence
250 _a2nd Ed.
260 _aNew Delhi
_bCBS Pub.
_c2011
300 _a146 p
700 _aSeth, A
700 _aAgarwal, D.K.
906 _a000510
999 _c249265
_d249265